| 000 | 00459nam a22001817a 4500 | ||
|---|---|---|---|
| 999 |
_c1490 _d1490 |
||
| 003 | OSt | ||
| 005 | 20210114113904.0 | ||
| 008 | 161130b xxu||||| |||| 00| 0 eng d | ||
| 040 |
_aMMU _beng _cMMU _dMMU |
||
| 050 | _aREF B41 .S53 1990 | ||
| 100 | _aSinha, S.C | ||
| 245 |
_aDictionary of Philosophy / _cS.C Sinha |
||
| 260 |
_aNew Delhi : _bANMOL _c1990 |
||
| 300 | _a205 p. : | ||
| 500 | _aincludes index | ||
| 650 | _aPhilosophy | ||
| 942 |
_2lcc _cREFERENCE |
||